La condition historique / (Record no. 3616)

MARC details
000 -LEADER
fixed length control field 01202cam a2200349 a 4500
001 - CONTROL NUMBER
control field 3616
003 - CONTROL NUMBER IDENTIFIER
control field FISKH
005 - DATE AND TIME OF LATEST TRANSACTION
control field 20240328094103.0
008 - FIXED-LENGTH DATA ELEMENTS--GENERAL INFORMATION
fixed length control field 031001s2003 fr b 000 0 fre
010 ## - LIBRARY OF CONGRESS CONTROL NUMBER
LC control number 2003506567
020 ## - INTERNATIONAL STANDARD BOOK NUMBER
International Standard Book Number 2234055520
035 ## - SYSTEM CONTROL NUMBER
System control number (FrPJT)JTL00122280
040 ## - CATALOGING SOURCE
Original cataloging agency DLC
Transcribing agency DLC
Modifying agency DLC
Language of cataloging eng
042 ## - AUTHENTICATION CODE
Authentication code pcc
050 00 - LIBRARY OF CONGRESS CALL NUMBER
Classification number D16.8
Item number .G37 2003
082 00 - DEWEY DECIMAL CLASSIFICATION NUMBER
Classification number 901
Edition number 22
100 1# - MAIN ENTRY--PERSONAL NAME
Personal name Gauchet, Marcel
245 13 - TITLE STATEMENT
Title La condition historique /
Statement of responsibility, etc. Marcel Gauchet ; entretiens avec François Azouvi et Sylvain Piron.
260 ## - PUBLICATION, DISTRIBUTION, ETC.
Place of publication, distribution, etc. Paris :
Name of publisher, distributor, etc. Stock,
Date of publication, distribution, etc. c2003.
300 ## - PHYSICAL DESCRIPTION
Extent 353 pages ;
Dimensions 22 cm.
490 1# - SERIES STATEMENT
Series statement Les essais
504 ## - BIBLIOGRAPHY, ETC. NOTE
Bibliography, etc. note Includes bibliographical references.
520 ## - SUMMARY, ETC.
Summary, etc. Marcel Gauchet deploys an original reflection on the fundamental change which affects the human condition when it becomes a historical condition.
650 #0 - SUBJECT ADDED ENTRY--TOPICAL TERM
Topical term or geographic name entry element History
General subdivision Philosophy.
650 #0 - SUBJECT ADDED ENTRY--TOPICAL TERM
Topical term or geographic name entry element Historiography.
700 1# - ADDED ENTRY--PERSONAL NAME
Personal name Azouvi, François,
Dates associated with a name 1945-
700 1# - ADDED ENTRY--PERSONAL NAME
Personal name Piron, Sylvain.
830 #0 - SERIES ADDED ENTRY--UNIFORM TITLE
Uniform title Essais (Stock (Firm))
906 ## - LOCAL DATA ELEMENT F, LDF (RLIN)
a 7
b cbc
c origres
d 3
e ncip
f 20
g y-gencatlg
942 ## - ADDED ENTRY ELEMENTS (KOHA)
Source of classification or shelving scheme Dewey Decimal Classification
Koha item type Books
Suppress in OPAC No
Holdings
Withdrawn status Lost status Source of classification or shelving scheme Damaged status Not for loan Collection Home library Current library Shelving location Date acquired Total Checkouts Full call number Barcode Date last seen Price effective from Koha item type
    Dewey Decimal Classification     Non-Fiction Footprints International School Library Network Toul Kork Campus Footprints International School Library Network Toul Kork Campus TK Floor 4 Rear Hallway Shelf 1 (Adult/Secondary Foriegn Language/Khmer) 03/28/2024   GAU 901 D16.8 .G37 2003 2024-0416 03/28/2024 03/28/2024 Books